000 01451nam a22003257a 4500
005 20200104041729.0
008 150522b ck ||||| |||| 00| 0 spa d
020 _a9789588889146
040 _aCo-BoIAVH
_cCo-BoIAVH
041 0 _aspa
044 _ack
082 0 4 _a333.9181
_bL34x
245 1 3 _aXI Humedales de la Orinoquía
_cCarlos A. Lasso.
_b(Colombia-Venezuela) /
250 _aEd. 23
260 3 _aBogotá:
_bInstituto de Investigación de Recursos Biológicos Alexander von Humboldt,
_c2014.
300 _a303 p.
_bil., col, tablas, map.
_c25 cm
490 0 _aSerie de recursos hidrobiologicos y pesqueros continentales de colombia
504 _aBibliografía:p. 285-301.
520 _aEs un libro que reúne años de trabajo y observación en los humedales de esta cuenca, gracias al aporte de investigadores de Venezuela y Colombia cuyos datos, apuntes y análisis han servido para la identificación y descripción de grandes regiones del Orinoco.
650 _aHumedales
_zColombia-Venezuela
650 _aHumedales
_vCaracterización
650 _aVegetación Acuatica
_zOrinoquía
650 _aCuencas Hidrográficas
_zOrinoquía
700 1 _aLasso, Carlos A.
_eeditor
700 1 _aRial, Anabel
_eeditor
700 1 _aColonello, Giuseppe
_eeditor
700 1 _aMachado-Allison, Antonio
_eeditor
700 1 _aTrujillo, Fernando
_eeditor
942 _2ddc
_cLIBRO
_01
999 _c17447
_d17447